Geometry Dash General Knowledge - Statistics

General Stats
  • This quiz has been taken 135 times
  • The average score is 9 of 13
Answer Stats
Hint Answer % Correct
Who developed Geometry Dash? RobTop
100%
How many classic levels are in the main game? 22
97%
The above is split into five difficulty subcategories, what's the hardest of the five? Extreme Demon
93%
What's the highest general difficulty rating a level can have? Demon
92%
Which difficulty awards one star upon completion and doesn't require input from the player? Auto
90%
What type of level style allows you to move left and right freely? Platformer
90%
What fills in the blank? Star rate, Featured, Epic, Legendary, ______ Mythic
77%
Every 500 orbs you collect, you earn one of me. Who am I? Demon Key
74%
Who runs the secret shop? Scratch
50%
What's the series of official levels that showcases said level style? The Tower
47%
What makes the robot different from the cube? Jump Height
20%
What makes the spider different from the ball? Teleportation
11%
Who does the normal shopkeeper turn into when bugged by the player? Zolguroth
10%
No matching quizzes found
Score Distribution
Percent of People with Each Score
Percentile by Number Answered
Your Score History
You have not taken this quiz